| 000 -LEADER |
| fixed length control field |
00712cam a2200229 a 4500 |
| 001 - CONTROL NUMBER |
| control field |
951792 |
| 005 - DATE AND TIME OF LATEST TRANSACTION |
| control field |
20180131100050.0 |
| 008 - FIXED-LENGTH DATA ELEMENTS--GENERAL INFORMATION |
| fixed length control field |
840709s1985 enka b 101 0 eng |
| 010 ## - LIBRARY OF CONGRESS CONTROL NUMBER |
| LC control number |
84014535 |
| 020 ## - INTERNATIONAL STANDARD BOOK NUMBER |
| International Standard Book Number |
0121814602 (U.S. : alk. paper) |
| 040 ## - CATALOGING SOURCE |
| Original cataloging agency |
DLC |
| Transcribing agency |
DLC |
| Modifying agency |
DLC |
| 041 ## - LANGUAGE CODE |
| Language code of text/sound track or separate title |
eng |
| 060 ## - NATIONAL LIBRARY OF MEDICINE CALL NUMBER |
| Classification number |
W1 SO851F no. 21 |
| -- |
QY 100 I85 1983 |
| 080 ## - UNIVERSAL DECIMAL CLASSIFICATION NUMBER |
| Universal Decimal Classification number |
616..014 coll |
| 082 00 - DEWEY DECIMAL CLASSIFICATION NUMBER |
| Classification number |
616..014 coll |
| Edition number |
19 |
| 100 ## - Rafti |
| Rafti |
3 |
| 101 ## - Shkurtesa |
| Shkurtesa |
shm |
| 245 00 - TITLE STATEMENT |
| Title |
Isolation and identification of micro-organisms of medical and veterinary importance / |
| Statement of responsibility, etc |
edited by C.H. Collins and J.M. Grange. |
| 504 ## - BIBLIOGRAPHY, ETC. NOTE |
| Bibliography, etc |
Includes bibliographies and index. |
| 906 ## - LOCAL DATA ELEMENT F, LDF (RLIN) |
| a |
7 |
| b |
cbc |
| c |
orignew |
| d |
1 |
| e |
ocip |
| f |
19 |
| g |
y-gencatlg |
| 942 ## - ADDED ENTRY ELEMENTS (KOHA) |
| Source of classification or shelving scheme |
|
| Item type |
Books |